| Tag |
First Indicator |
Second Indicator |
Subfields |
| LEADER |
00000cam a2200000 i 4500 |
| 001 |
in00000473621 |
| 005 |
20151012172138.0 |
| 008 |
770617s1977 ohua b 00100 eng |
| 010 |
|
|
|a 77022848
|
| 020 |
|
|
|a 0849351596
|
| 035 |
|
|
|a (OCoLC)03121151
|
| 035 |
|
|
|9 ACA1350AM
|
| 040 |
|
|
|a DLC
|c DLC
|d MCL
|d TXA
|d UtOrBLW
|
| 049 |
|
|
|a TXAM
|c [1493416]
|
| 050 |
0 |
0 |
|a QR187.5
|b .I573
|
| 060 |
|
0 |
|a QW 800 I623 1977
|
| 082 |
0 |
|
|a 616/.07/9
|
| 245 |
0 |
0 |
|a Interferons and their actions /
|c editor, William E. Stewart II.
|
| 264 |
|
1 |
|a Cleveland :
|b CRC Press,
|c [1977]
|
| 264 |
|
4 |
|c ©1977
|
| 300 |
|
|
|a 211 pages :
|b illustrations ;
|c 27 cm.
|
| 336 |
|
|
|a text
|b txt
|2 rdacontent
|
| 337 |
|
|
|a unmediated
|b n
|2 rdamedia
|
| 338 |
|
|
|a volume
|b nc
|2 rdacarrier
|
| 490 |
0 |
|
|a CRC immunology and lymphoid cell biology uniscience series
|
| 504 |
|
|
|a Includes bibliographical references and index.
|
| 650 |
|
0 |
|a Interferon.
|
| 650 |
|
2 |
|a Interferons.
|
| 700 |
1 |
|
|a Stewart, William E.,
|d 1940-
|
| 999 |
|
|
|a MARS
|
| 999 |
f |
f |
|s eebc7d04-28c4-384e-96a1-dc6fb626c8a1
|i 14353cf1-8d3a-376e-9314-e8f90fca4dfa
|t 0
|
| 952 |
f |
f |
|p ric
|a Texas A&M University
|b Rellis Campus
|c Joint Library Facility
|d Remote Storage
|t 0
|e QR187.5 .I573
|h Library of Congress classification
|i unmediated -- volume
|m A14805043432
|
| 998 |
f |
f |
|a QR187.5 .I573
|t 0
|l Remote Storage
|